| 000 | 00878cam a22002897a 4500 | ||
|---|---|---|---|
| 003 | CHAP | ||
| 005 | 20220329134131.0 | ||
| 008 | 971013s1980 r 00010 d | ||
| 010 | _a15930 | ||
| 011 | _a16902 | ||
| 035 | _a20984 | ||
| 040 | _cCHAP | ||
| 082 |
_a641.23 _bG8 |
||
| 100 | 0 | 0 |
_aGuerrero Guerrero, Raúl. _951216 |
| 245 | 1 | 3 | _aEl pulque; región, cultura, folklore |
| 260 |
_aMéxico, D.F., : _bInstituto Nacional de Antropología e Historia, _c1980 |
||
| 300 |
_a241 h. _b: ilus |
||
| 500 | _aFotocopia | ||
| 590 |
_aBATCH-UPD _b10 _c20130110 _lUCH01 _h1402 |
||
| 590 |
_aBATCH-UPD _b10 _c20130410 _lUCH01 _h0853 |
||
| 590 |
_aBATCH-UPD _b10 _c20130914 _lUCH01 _h1555 |
||
| 590 |
_aCONVERSION _b10 _c20130109 _lUCH01 _h1310 |
||
| 650 | 1 | 4 |
_aPulque. _993009 |
| 901 | _aBK | ||
| 942 | _cLIBRO | ||
| 949 |
_a641.23 G8 _bBC _cLIBRO _d33724000277380 _eLIBRO _h60846 _i20984 _si |
||
| 999 |
_c15930 _d15930 |
||